Giáo trình địa chất căn bản Đồng bằng sông Cửu Long

Saved in:
Bibliographic Details
Format: Book
Language:Undetermined
Published: Cần Thơ Trường Đại học Cần Thơ 1986
Subjects:
Tags: Add Tag
No Tags, Be the first to tag this record!
Institutions: Trung tâm Học liệu Trường Đại học Cần Thơ
LEADER 00508nam a2200157Ia 4500
001 CTU_3408
008 210402s9999 xx 000 0 und d
082 |a 553.09597 
082 |b Gi108 
245 0 |a Giáo trình địa chất căn bản Đồng bằng sông Cửu Long 
260 |a Cần Thơ 
260 |b Trường Đại học Cần Thơ 
260 |c 1986 
650 |a geology - economic aspects 
904 |i Minh, 960907 
980 |a Trung tâm Học liệu Trường Đại học Cần Thơ